Πλανήτες του Ηλιακού Συστήματος - Statistics

General Stats
  • This quiz has been taken 276 times
  • The average score is 7 of 8
Answer Stats
Μέση απόσταση από τον ήλιο Διάμετρος (χλμ.) Πλανήτης % Correct
108,88 εκατομμύρια χλμ. 12.104 Αφροδίτη
96%
69,646 εκατομμύρια χλμ. 4.880 Ερμής
92%
209,45 εκατομμύρια χλμ. 6.779 Άρης
88%
152,07 εκατομμύρια χλμ. 12.742 Γη
86%
1,434 δισεκατομμύρια χλμ. 116.460 Κρόνος
86%
772,77 εκατομμύρια χλμ. 139.820 Δίας
85%
2,871 δισεκατομμύρια χλμ. 50.724 Ουρανός
74%
4,495 δισεκατομμύρια χλμ. 49.244 Ποσειδώνας
67%
No matching quizzes found
Score Distribution
Percent of People with Each Score
Percentile by Number Answered
Your Score History
You have not taken this quiz